000 00604nam a2200193 i 4500
001 186416
003 SpMaBN
005 20230906222651.0
008 161108s1955 sp bef |||| |dlat d
080 _a811.124(075.4)
100 1 _aEchave-Sustaeta, J.
_9161187
245 1 0 _aLengua latina /
_cJ. Echave-Sustaeta.
250 _a3ª ed.
260 _aBarcelona :
_bCefiso,
_c1955.
300 _a163 p., [4] h. de lám. ;
_c17 cm.
594 _aEn anteport.: Curso medio. Lecturas. Roma II.
650 4 _aLengua latina-
_vMétodos.
_9162340
852 _aES-MaACL
_jL-30777
_z- Donat. Miguel A. Velasco
999 _c186416
_d186416